|
|
|
|
| LEADER |
00766nnm a2200193 i 4500 |
| 001 |
eta281 |
| 005 |
20181005142709.0 |
| 008 |
180515s2004 hu o 0|| hun d |
| 040 |
|
|
|a SZTE Elektronikus Tananyag Archívum
|b hun
|
| 041 |
|
|
|a hun
|
| 100 |
1 |
|
|a Mészáros Attila
|
| 245 |
1 |
0 |
|a Szerves kémia
|h [elektronikus dokumentum] :
|b távoktatási jegyzet az alábbi kurzusokhoz: MMTE 81 Mezőgazdasági kémia /
|c Mészáros Attila
|
| 260 |
|
|
|a Szegedi Tudományegyetem Mezőgazdasági Főiskolai Kar Takarmányozástani Tanszék
|b Hódmezővásárhely
|c 2004
|
| 300 |
|
|
|a 189
|
| 516 |
|
|
|a Book
|
| 650 |
|
4 |
|a Természettudományok
|
| 650 |
|
4 |
|a Kémiai tudományok
|
| 650 |
|
4 |
|a Szerves kémia
|
| 856 |
4 |
0 |
|u https://eta.bibl.u-szeged.hu/281/1/szerves_kemia.pdf
|z Dokumentum-elérés
|